Napoleonic Wars People By Picture - Statistics

General Stats
  • This quiz has been taken 106 times
  • The average score is 7 of 13
Answer Stats
Picture Answer % Correct
Duke of Wellington
99%
General Leberecht Blucher
77%
Joachim Murat
71%
Michael Ney
71%
Horatio Nelson
65%
George III
56%
Alexander I
52%
Francis II
51%
Mikhail Kutuzov
48%
Jean Baptiste Bernadotte
45%
Frederick William III
39%
Alexander Suvorov
26%
Ferdinand VII
17%
No matching quizzes found
Score Distribution
Percent of People with Each Score
Percentile by Number Answered
Your Score History
You have not taken this quiz